Agrárny trh '99

Bibliographic Details
Format: Book
Language:Slovak
PhysicalDescription:32 s. grafy, tab. 21x30 cm
Published: Bratislava Výskumný ústav ekonomiky poľnohospodárstva a potravinárstva 2000
ISBN:8080581487
Subjects:

MARC

LEADER 00000nam a2200000 a 4500
001 vtls001393708
003 SK-MaSNL
005 20260426001707.0
008 160415s2000 xo a r y 0 slo
015 |a SNBE2000/04-01457 
020 |a 8080581487 
035 |a SNK000348021 
040 |a SNK  |b slo  |c SNK  |e AACR2 
041 0 |a slo 
044 |a xo  |c SK 
080 |a 339.1:63(437.6)(083.9)  |2 1981 
080 |a 63  |2 1981 
245 1 |a Agrárny trh '99 
260 |a Bratislava  |b Výskumný ústav ekonomiky poľnohospodárstva a potravinárstva  |c 2000 
300 |a 32 s.  |b grafy, tab.  |c 21x30 cm 
500 |a Voľné listy zošité v ľavom hornom rohu 
650 0 7 |a poľnohospodárstvo  |x trh  |z Slovensko  |y 1999  |x spravodaje informačné  |2 SNK  |9 582848 
650 0 7 |a trh  |x poľnohospodárstvo  |z Slovensko  |y 1999  |x spravodaje informačné  |2 SNK  |9 582849 
651 7 |a Slovensko  |2 SNK  |9 14231 
655 7 |a informačné publikácie  |2 SNK  |9 70181 
919 |a 80-8058-148-7 
958 |a TL 
999 |c 896239  |d 898169 
952 |t P60, <03>, [BOOK], {603}  |a SNK  |b SNK  |y PREZ  |7 0  |p 17A0247381  |o snkOSB 12587  |i snkKSP 7844/2000  |0 0  |1 0  |4 0  |d 2000-08-03  |l 0  |r 2005-01-02 00:00:00  |w 2026-02-24 
952 |t P60, <09>, [BOOK], {629}  |a SNK  |b SNK  |y NEVYP  |7 0  |o snkB 340  |i snk1091/20001006  |0 0  |1 0  |4 0  |d 2000-10-05  |l 0  |r 2005-01-02 00:00:00  |w 2026-02-24 
952 |t P60, <04>, [BOOK], {604}  |a SNK  |b SNK  |y VYP  |7 0  |p 17A0247382  |o snkOSB 12587 D1  |i snkKSP 7845/2000  |0 0  |1 0  |4 0  |d 2000-08-03  |l 0  |r 2005-01-02 00:00:00  |w 2026-02-24